000 00222nam a22000857a 4500
008 170204b xxu||||| |||| 00| 0 eng d
100 _92779
_aCBSE
245 _aSecndary School Educatin 2014-2015
260 _aCBSE
_bNew Delhi
_c2014
999 _c5971
_d5971